00356nam a2200109Ia 4500008004100000020001800041082001600059100008100075245005200156260002800208300001000236210430s9999 xx 000 0 und d a9780849332166 a670 M4251 M aJoanna R.Groza, James F. Shackelford, Enrique J. Lavernia, Michael T. Powers aMaterials Processing Handbook /cJoanna R.Groza aLONDONbCRC Pressc2007 a1-13p